KUUMAA-yhtyeen Hyvikset ja pahikset- albumin kappaleet - Statistics

Yleistilastot
  • Tätä visaa on pelattu 26 kertaa
  • Keskiarvotulos 9 / 11
Vastaustilastot
Vastaus % Oikein
Ylivoimainen
96%
Tulipalo
91%
Eteisvalssi
87%
Hyvikset ja pahikset
87%
Juna-asema
87%
Elokuva
83%
Oo vielä sekunnin mun
78%
Äijä
74%
Anna mulle mitä vaan
74%
Hyvästejä ihanasti
74%
Edelleen sua
57%
Ehtoja vastaavia visoja ei löytynyt
Tulosjakauma
Jokaisen tuloksen saaneiden osuus
Persentiili vastausten määrän mukaan
Tuloshistoriasi
Et ole pelannut tätä visaa